000 00613nam a2200241Ia 4500
003 OSt
005 20221005122654.0
006 a|||||r|||| 00| 0
007 ta
008 221004b |||||||| |||| 00| 0 kan d
024 _a60510
037 _cTextual
040 _aCRL
_cCRL
_bkan
041 _2kan
_akan
082 _aO33,2x(Y:351), L6
100 _aSunkapura Au.
_9625216
245 0 _aKannada bayate prameeli
260 _c1976
650 _a KANNAD LITERATURE
650 _aKANNAD DRAMA
942 _hO33,2x(Y:351), L6
_cTEXL
_2cc
999 _c1045032
_d1045032